Statistics for World's Longest Caves

Click here to take the quiz!

General Stats

  • This quiz has been taken 101 times
  • The average score is 2 of 20

Answer Stats

HintAnswer% Correct
US390 mi.Mammoth
97%
US137 mi.Wind
27%
US157 mi.Jewel
19%
US130 mi.Lechuguilla
8%
Switzerland123 mi.Hoelloch
6%
Ukraine144 mi.Optymistychna
4%
Mexico144 mi.Sistema Ox Bel Ha
3%
Mexico135 mi.Sistema Sac Actun
3%
US114 mi.Fisher Ridge
1%
Ukraine79 mi.Ozerna
1%
Austria84 mi.Schoenbergsystem
1%
China80 mi.Shuanghe Dongqun
1%
Switzerland98 mi.Siebenhengste-hohgant
1%
Australia75 mi.Bullita
0%
France66 mi.Reseau Felix Trombe
0%
Spain65 mi.Sistema del Alto Tejuelo
0%
Spain66 mi.Sistema del Gandara
0%
Spain71 mi.Sistema del Mortillano
0%
Spain68 mi.Systeme de Ojo Guarena
0%
Malaysia117 mi.The Clearwater System
0%

Score Distribution

Percentile by Number Answered

Percent of People with Each Score

Your Score History

You have not taken this quiz